First person, first peoples : native American college graduates tell their life stories
Αποθηκεύτηκε σε:
| Άλλοι συγγραφείς: | , |
|---|---|
| Μορφή: | Βιβλίο |
| Γλώσσα: | English |
| Δημοσίευση: |
London :
Cornell University Press,
1997
|
| Θέματα: | |
| Ετικέτες: |
Προσθήκη ετικέτας
Δεν υπάρχουν, Καταχωρήστε ετικέτα πρώτοι!
|
MARC
| LEADER | 00000cam a2200000 i 4500 | ||
|---|---|---|---|
| 001 | 1/93980 | ||
| 008 | 991123s1997 eng d | ||
| 020 | |a 0-8014-8414-6 | ||
| 035 | |l 10054623 | ||
| 040 | |a GR-MY-UA |b gre |e aacr | ||
| 041 | 0 | |a eng | |
| 082 | 0 | |a 378.1982997 | |
| 245 | 1 | 0 | |a First person, first peoples : |b native American college graduates tell their life stories / |c Edited by Andrew Garrod and Colleen Larimore |
| 260 | |a London : |b Cornell University Press, |c 1997 | ||
| 300 | |a 250 p. | ||
| 504 | |a Includes bibliographical references | ||
| 650 | 0 | 0 | |a Indians of North America |x Education (Higher) |z New Hampshire |z Hanover. |
| 650 | 0 | 0 | |a Indian college students |z New Hampshire |z Hanover |x Interviews. |
| 650 | 0 | 0 | |a Minority college graduates |z New Hampshire |z Hanover |x Interviews. |
| 700 | 1 | |a Garrod, Andrew, |d 1937- |4 edt | |
| 700 | 1 | |a Larimore, Colleen, |d 1963- |4 edt | |
| 852 | |a INST |b LESVOS |e 19991123 |h 378.1982997 FIR |p 005100022701 |q 005100022701 |t BK |y 0 | ||
| 901 | |a BIBL1-1999-3 | ||
| 909 | |a Λ |b 067040 | ||
| 970 | |a ΚΑΜΑΤΣΟΥ |b ΔΕΣΠΟΙΝΑ |z 1999/11/23 | ||